| 000 | 00469nam a22001697a 4500 | ||
|---|---|---|---|
| 005 | 20240904065845.0 | ||
| 008 | 240904b |||||||| |||| 00| 0 eng d | ||
| 022 | _a10246991 | ||
| 041 | _aEnglish | ||
| 082 | _a349 NAM | ||
| 100 | _lEnglish | ||
| 245 | _aThe Namibian Law Reports 2018 | ||
| 260 |
_aCape Town: _bJuta and Company Ltd, _c2018 |
||
| 300 |
_bxxiv, 303 pages; _c26 cm. |
||
| 650 |
_aLegal practice _bLaw |
||
| 942 |
_cBK _6ALISON_BN_VRIES |
||
| 999 |
_c3004 _d3004 |
||